Statistiken für Länder, die mit M beginnen

Klicken Sie hier um das Quiz zu spielen!

Allgemein

  • Dieses Quiz wurde 20 mal gespielt
  • Das Durchschnittsergebnis liegt bei 12 aus 17

Antwortstatistiken

Land% Korrekt
Mexiko
100%
Madagaskar
94%
Mongolei
94%
Monaco
81%
Malediven
75%
Marokko
75%
Mauretanien
75%
Mauritius
75%
Montenegro
75%
Malawi
63%
Mali
63%
Moldawien
63%
Malaysia
56%
Malta
56%
Mosambik
56%
Myanmar
56%
Marshallinseln
50%

Verteilung der Resultate

Perzentil nach korrekt beantworteten Fragen

Anzahl Personen mit jedem Resultat

Ihre Resultats-Entwicklung

Sie haben dieses Quiz noch nicht gespielt